00576nam a2200157 a 450000100100000000500170001000800410002704000250006811000720009324500240016526000800018930000180026904900090028795201050029699900170040100002987920200930055857.0110426s1994 000 spa d aDO-SdBNPbspacBNPHU2 aCentro Nacional de Investigaciones en Salud Materno Infantil95575710aInforme anual 1994. aSanto Domingo :bHospital de Niños Robert Reid CabralbCENISMI,c[1994.]. a12 P.a28 cm. aBNPD 001050718MOaPDbPDcCTd2011-04-26iLF1l0o p29879-10r2020-06-25w2020-06-25y1ZNo se presta c29371d29371